书目信息 |
| 题名: |
科技文献检索方法
|
|
| 作者: | 王振东 , 马子信 , 郝增林 , 盛玉林 编 | |
| 分册: | ||
| 出版信息: | 沈阳 辽宁科学技术出版社 1985 |
|
| 页数: | 408页 | |
| 开本: | 20cm | |
| 丛书名: | ||
| 单 册: | ||
| 中图分类: | G252.7 , G354.2 | |
| 科图分类: | ||
| 主题词: | 科技情报-情报检索 , 情报检索-科技情报 | |
| 电子资源: | ||
| ISBN: | ||
| 000 | 00935nam0 2200325 45 | |
| 001 | 0185003319 | |
| 005 | 20040430144207.9 | |
| 010 | @dCNY3.35 | |
| 091 | @a17288.19 | |
| 100 | @a19900816d1985 em y0chiy0121 ea | |
| 101 | 0 | @achi |
| 102 | @aCN@b210000 | |
| 105 | @ay z 000yy | |
| 106 | @ar | |
| 200 | 10 | @a科技文献检索方法@Ake ji wen xian jian suo fang fa@e掌握信息的金钥匙@f王振东等编 |
| 210 | @a沈阳@c辽宁科学技术出版社@d1985 | |
| 215 | @a408页@d20cm | |
| 517 | 1 | @a掌握信息的金钥匙@Azhang wo xin xi de jin yao shi |
| 606 | @a科技情报-情报检索 | |
| 606 | @a情报检索-科技情报 | |
| 610 | 0 | @a文献@a检索 |
| 690 | @aG252.7@v3 | |
| 690 | @aG354.2 | |
| 701 | 0 | @a王振东@Awang zhen dong@4编 |
| 701 | 0 | @a马子信@Ama zi xin@4编 |
| 701 | 0 | @a郝增林@Ahao zeng lin@4编 |
| 701 | 0 | @a盛玉林@Asheng yu lin@4编 |
| 801 | 0 | @aCN@b深圳图书馆@c20040430 |
| 801 | 2 | @aCN@bNLC@c20040430 |
| 905 | @f2@b157117-118@dG354.2@e16 | |
| 科技文献检索方法:掌握信息的金钥匙/王振东等编.-沈阳:辽宁科学技术出版社,1985 |
| 408页;20cm |
| ISBN :CNY3.35 |
| ● |
| 相关链接 |
|
|
|
|
正题名:科技文献检索方法
索取号:G354.2/16
 
预约/预借
| 序号 | 登录号 | 条形码 | 馆藏地/架位号 | 状态 | 备注 |
| 1 | 0157117 | 000985045 | 第一样本阅览室/ [索取号:G354.2/16] | 在馆 | |
| 2 | 0157118 | 000984974 | 密集书库/ [索取号:G354.2/16] | 在馆 |